| 000 | 01029nam0a22002651 4500 | ||
|---|---|---|---|
| 001 | rc\4942524 | ||
| 005 | 20260408083038.0 | ||
| 021 |
_aRU _bРг1453-63 |
||
| 035 | _a(NLR Aleph) 008853245 | ||
| 090 |
_a8413992 _c8413992 |
||
| 100 | _a20130426d1962 |||y0rusy50 ca | ||
| 101 | 0 | _arus | |
| 102 | _aRU | ||
| 105 | _aa z ||||| | ||
| 200 | 1 |
_aУстройство для дощатых полов в жилом доме _fМинтрансстрой СССР. Техн. упр. Оргтрансстрой |
|
| 210 |
_aВельск _cБ. и. _d1962 |
||
| 215 |
_a10 с. _cчерт. _d23 |
||
| 225 | 1 | _aТехнологическая карта | |
| 300 | _aБез тит. л. и обл. | ||
| 712 | 0 | 1 |
_aСССР _bМинистерство транспортного строительства _bЦентральное нормативно-исследовательское бюро _3RU\NLR\AUTH\8810164509 _9825116 |
| 801 | 0 |
_aRU _bNLR _gpsbo |
|
| 801 | 1 |
_aRU _bELAR _2rusmarc |
|
| 852 |
_aNLR _j63-6/1534 |
||
| 942 | _cBOOK | ||
| 980 | _aNB | ||